00776nam a2200241 a 4500001001300000003000900013005001700022008004100039020002400080082001600104100001800120245007900138260004400217300000900261500003500270505001700305650001700322700001800339902000800357942000700365952014500372999001700517nice12345678IN_TiNIC20260116015058.0070608s2006 swea grp 000 0 eng  a9187748762 c100000a303.66bSCH aSchirch, Lisa aCivilian Peacekeepingb Preventing Violence and Making Space for Democracy aSwedenbLife and Peace Institute c2006 a115p aincludes index and biblioraphy2 aBibliography aPeace-Making1 aSchirch, Lisa bSRC cBK 001040708StackRoom-aHMIbHMId2010-04-12g1000.00l2o303.66 SCHp11001937q2026-02-24r2026-02-10s2026-02-10v1000.00w2007-06-08yBK c18227d18227